[Event "AUTO-ADV-330"]
[Site "http://www.queenalice.com/game.php?id=199107"]
[Date "2007.4.19"]
[Round "2"]
[White "Tom"]
[Black "Sean_Doherty"]
[Result "1-0"]
[WhiteElo "1672"]
[BlackElo "1957"]

1. Nf3 e6 2. c4 Nf6 3. g3 b6 4. Bg2 Bb7 5. O-O c5 6. d3 Be7 7. Nc3 O-O 8. e4 d5
9. e5 Nfd7 10. cxd5 exd5 11. d4 cxd4 12. Qxd4 Nc5 13. Nd2 Ne6 14. Qd3 Nc7 15.
Nb3 Ba6 16. Qd1 Bxf1 17. Qxf1 Nc6 18. Bf4 Qd7 19. Rd1 d4 20. Qc4 Ne6 21. Qxc6
Qxc6 22. Bxc6 Rac8 23. Nd5 Bd8 24. Bd7 Nxf4 25. Nxf4 Rc2 26. Nd3 Bg5 27. Ba4 1-0

[Event "AUTO-ADV-330"]
[Site "http://www.queenalice.com/game.php?id=199108"]
[Date "2007.4.19"]
[Round "2"]
[White "Sean_Doherty"]
[Black "Tom"]
[Result "0-1"]
[WhiteElo "1950"]
[BlackElo "1687"]

1. e4 c5 2. Nf3 d6 3. Bb5+ Bd7 4. Bxd7+ Nxd7 5. O-O Ngf6 6. Re1 e5 7. c4 Be7 8.
b3 O-O 9. Bb2 a6 10. d3 b5 11. Nc3 b4 12. Ne2 Nb6 13. Ng3 g6 14. h4 h5 15. Nh1
Ng4 16. g3 Nd7 17. Nh2 Nh6 18. Bc1 Kh7 19. Qd2 Ng8 20. Nf3 f5 21. Ng5+ Bxg5 22.
hxg5 f4 23. gxf4 Rxf4 24. Qe2 Qxg5+ 25. Kf1 Qh4 26. Ng3 Qxg3 27. Bxf4 Qh3+ 28.
Kg1 exf4 29. f3 Ne5 30. Rf1 Nf6 31. Rf2 Qg3+ 32. Kf1 g5 33. Rd1 Qh3+ 34. Ke1
Qh1+ 35. Kd2 Qh3 36. Rdf1 Qe6 37. Rg2 Rg8 38. Qf2 Nf7 39. Rfg1 Qe5 40. Kc2 Qc3+
41. Kd1 Qxd3+ 42. Ke1 Qb1+ 43. Ke2 Qxa2+ 44. Kf1 Qxb3 45. Qe2 Qb1+ 46. Kf2 Qb3
47. Ra1 Ra8 48. Rgg1 a5 49. Rgb1 Qc3 50. Rd1 a4 51. Rac1 Qe5 52. Rb1 a3 53. Rb3
a2 54. Qe1 a1=Q 55. Rbb1 Qac3 56. Qe2 Qe3+ 57. Qxe3 fxe3+ 58. Kxe3 Qf4+ 59. Ke2
Ra2+ 0-1

[Event "AUTO-ADV-330"]
[Site "http://www.queenalice.com/game.php?id=199111"]
[Date "2007.4.19"]
[Round "2"]
[White "braseiko"]
[Black "Sean_Doherty"]
[Result "0-1"]
[WhiteElo "1831"]
[BlackElo "1956"]

1. d4 f5 2. g3 Nf6 3. Bg2 g6 4. c3 Bg7 5. Bf4 O-O 6. Nf3 d6 7. O-O e6 8. Nbd2
Nbd7 9. Ng5 Re8 10. e4 h6 11. Nh3 fxe4 12. Nxe4 Nxe4 13. Bxe4 Qf6 14. Qd3 Nf8
15. Rae1 e5 16. dxe5 dxe5 17. Bd5+ Kh7 18. Bxe5 Rxe5 19. Nf4 Bf5 20. Qc4 Rae8
21. Rxe5 Rxe5 22. Qxc7 Ne6 23. Bxe6 Bxe6 24. Qxb7 Bxa2 25. Qxa7 Bc4 26. Rd1 Re7
27. Qc5 Bb3 28. Ra1 Re5 29. Qd4 Qe7 30. Qd3 Re1+ 31. Rxe1 Qxe1+ 32. Kg2 Bf7 33.
Nh5 Qe6 34. Nf4 Qf5 35. Qxf5 gxf5 36. Kf3 Be5 37. Nd3 Bd5+ 38. Ke3 Bc7 39. Kd4
Be4 40. Ne5 Bb6+ 41. Kc4 Bxf2 42. b4 Bg1 43. b5 Bxh2 44. Kd4 Bxg3 45. Nc4 h5 46.
Nd2 Bg2 47. c4 h4 0-1

[Event "AUTO-ADV-330"]
[Site "http://www.queenalice.com/game.php?id=199112"]
[Date "2007.4.19"]
[Round "2"]
[White "Sean_Doherty"]
[Black "braseiko"]
[Result "1-0"]
[WhiteElo "1945"]
[BlackElo "1829"]

1. e4 c5 2. Nf3 d6 3. Bb5+ Nc6 4. O-O e6 5. e5 a6 6. Bxc6+ bxc6 7. exd6 Bxd6 8.
c4 Nf6 9. b3 O-O 10. Bb2 Ne8 11. Re1 Qc7 12. Qc2 Bb7 13. Qe4 a5 14. Nc3 Nf6 15.
Qh4 h6 16. Ne4 Nxe4 17. Rxe4 a4 18. Bxg7 f5 19. Bxf8 fxe4 20. Bxd6 Qxd6 21. Qxe4
Rf8 22. Qg6+ Kh8 23. Qxh6+ Kg8 24. Ng5 Rf5 25. Nxe6 Qe5 26. Qg6+ Kh8 27. Qe8+
Kh7 28. Nf8+ Kg7 29. Qxe5+ Rxe5 30. Nd7 1-0

[Event "Challenge"]
[Site "http://www.queenalice.com/game.php?id=204623"]
[Date "2007.5.1"]
[Round "-"]
[White "Sean_Doherty"]
[Black "corinthians2"]
[Result "0-1"]
[WhiteElo "1967"]
[BlackElo "2126"]

1. e4 c5 2. Nf3 e6 3. c3 d5 4. Bb5+ Nc6 5. exd5 Qxd5 6. O-O Nf6 7. c4 Qd6 8. b3
Bd7 9. Bb2 Rd8 10. d3 Be7 11. Re1 O-O 12. Bxc6 Bxc6 13. Ne5 Be8 14. Qe2 Nd7 15.
Nxd7 Bxd7 16. Nd2 Bc6 17. Nf3 Qxd3 18. Qxd3 Rxd3 19. Ne5 Rd6 20. Nxc6 Rxc6 21.
Rad1 Rd6 22. Rxd6 Bxd6 23. Rd1 Rd8 24. g3 Bc7 25. Rxd8+ Bxd8 26. f4 f5 27. Be5
Bf6 28. Kf2 Bxe5 29. fxe5 g5 30. h3 Kf7 31. Kf3 Ke7 32. Ke3 Kd7 33. Kd3 Kc6 34.
Kc3 a6 35. Kd3 b5 36. Kc3 Kb6 37. a3 Ka5 38. b4+ Kb6 39. Kd3 a5 40. bxc5+ Kxc5
41. cxb5 Kxb5 42. Kd4 Ka4 43. Kc5 f4 44. gxf4 gxf4 45. Kd6 f3 46. Kxe6 f2 47.
Ke7 f1=Q 48. e6 Qxh3 0-1

[Event "AUTO-OPEN-513"]
[Site "http://www.queenalice.com/game.php?id=230282"]
[Date "2007.6.25"]
[Round "2"]
[White "QuickQuickSlow"]
[Black "Sean_Doherty"]
[Result "1/2-1/2"]
[WhiteElo "2094"]
[BlackElo "1958"]

1. e4 e6 2. d4 d5 3. Nc3 Nf6 4. e5 Nfd7 5. f4 c5 6. Nf3 Nc6 7. Be3 cxd4 8. Nxd4
Nxd4 9. Bxd4 Be7 10. Qd2 f6 11. exf6 Bxf6 12. O-O-O O-O 13. g4 Bxd4 14. Qxd4 Qf6
15. f5 Qxd4 16. Rxd4 exf5 17. gxf5 Nb6 18. Nxd5 Nxd5 19. Rxd5 Bxf5 20. Bc4 Be6
21. Rc5 Bxc4 22. Rxc4 1/2-1/2

[Event "AUTO-OPEN-513"]
[Site "http://www.queenalice.com/game.php?id=230283"]
[Date "2007.6.25"]
[Round "2"]
[White "Sean_Doherty"]
[Black "QuickQuickSlow"]
[Result "0-1"]
[WhiteElo "1925"]
[BlackElo "2209"]

1. e4 c5 2. Nf3 d6 3. Bb5+ Nd7 4. O-O e6 5. Nc3 Nf6 6. d3 a6 7. Bxd7+ Bxd7 8.
Re1 Be7 9. b3 O-O 10. Bb2 Bc6 11. h3 b5 12. Ne2 b4 13. c4 a5 14. Ng3 a4 15. Rc1
axb3 16. axb3 Qc7 17. Ra1 Rxa1 18. Bxa1 Ra8 19. Qd2 Ra3 20. Qc2 Qa7 21. Qb1 Nd7
22. Nh5 Bf8 23. Bb2 Ra2 24. Qc1 Qa8 25. Bxg7 Bxg7 26. Qg5 Qf8 27. Nh4 Kh8 28.
Nf3 Ne5 29. Nxe5 Bxe5 30. f4 Bd4+ 31. Kh1 Qg8 32. Qxg8+ Kxg8 33. Ng3 Bf2 34. Re2
Ra1+ 35. Kh2 Bg1+ 36. Kh1 Be3+ 37. Kh2 Bxf4 38. Rf2 Be5 39. h4 Rd1 40. Rf3 f5
41. Kh3 Bxg3 42. Rxg3+ Kf7 43. exf5 exf5 0-1

[Event "AUTO-OPEN-513"]
[Site "http://www.queenalice.com/game.php?id=230286"]
[Date "2007.6.25"]
[Round "2"]
[White "csadler"]
[Black "Sean_Doherty"]
[Result "0-1"]
[WhiteElo "1815"]
[BlackElo "1946"]

1. d4 e6 2. c4 Bb4+ 3. Nc3 Nf6 4. Qc2 O-O 5. a3 Be7 6. Bg5 b6 7. e4 d6 8. Bd3 e5
9. d5 c6 10. f3 Bb7 11. Nge2 Nbd7 12. b4 h6 13. Bh4 Nxd5 14. cxd5 Bxh4+ 15. Ng3
Nf6 16. O-O Bxg3 17. hxg3 Qc8 18. dxc6 Bxc6 19. Rac1 Qd7 20. Ne2 Ba4 21. Qc7
Rfc8 22. Qxd7 Bxd7 23. Kf2 Rxc1 24. Rxc1 Rc8 25. Rxc8+ Bxc8 26. Nc3 Bd7 27. Nb5
Bxb5 28. Bxb5 Kf8 29. Ke3 Ke7 30. g4 g5 31. g3 h5 32. gxh5 Nxh5 33. Kf2 Nf6 34.
Be2 d5 35. exd5 Nxd5 36. Bc4 Kd6 37. Ke2 a5 38. bxa5 bxa5 39. Kd3 f5 40. a4 Kc5
41. Bb5 Nc7 42. Bd7 f4 43. gxf4 gxf4 44. Ke4 Kd6 45. Bc8 Nd5 46. Bd7 Nf6+ 0-1

[Event "AUTO-OPEN-513"]
[Site "http://www.queenalice.com/game.php?id=230287"]
[Date "2007.6.25"]
[Round "2"]
[White "Sean_Doherty"]
[Black "csadler"]
[Result "1-0"]
[WhiteElo "1935"]
[BlackElo "1848"]

1. e4 Nf6 2. Nc3 d6 3. Nf3 g6 4. Bb5+ c6 5. Ba4 Bg7 6. O-O O-O 7. Re1 Bg4 8. h3
Bxf3 9. Qxf3 b5 10. Bb3 Nbd7 11. d3 Ne5 12. Qe2 a5 13. a4 b4 14. Nd1 c5 15. f4
Nc6 16. e5 dxe5 17. fxe5 Nd5 18. Qe4 e6 19. Ne3 Nxe3 20. Bxe3 Bxe5 21. Qxc6 Bxb2
22. Rab1 Bc3 23. Rf1 Rc8 24. Qf3 Bd4 25. Qf2 Bxe3 26. Qxe3 Qd4 27. Qxd4 cxd4 28.
Rf4 e5 29. Re4 Rfe8 30. Rbe1 Rc5 31. Rxd4 exd4 32. Rxe8+ 1-0

[Event "UI"]
[Site "http://www.queenalice.com/game.php?id=232856"]
[Date "2007.6.30"]
[Round "-"]
[White "ulisses34"]
[Black "Sean_Doherty"]
[Result "0-1"]
[WhiteElo "1450"]
[BlackElo "1956"]

1. Nf3 e6 2. d4 d5 3. Bg5 Nf6 4. Bxf6 Qxf6 5. Ne5 Nd7 6. Nf3 c5 7. a4 cxd4 8.
Nxd4 Bc5 9. Nf3 Ne5 10. e3 Nxf3+ 11. Qxf3 Qxb2 12. Bb5+ Ke7 13. O-O Qxa1 14. Nd2
Qc3 15. Qf4 Bd6 16. Qg5+ Qf6 17. Nf3 Qxg5 18. Nxg5 f6 19. Nf3 Bd7 20. Bd3 Bxa4
21. Nd4 Rhc8 22. f4 a6 23. g4 h6 24. h4 Bc5 25. f5 Bxd4 26. exd4 Bxc2 27. Be2
exf5 28. gxf5 Kd7 29. Bf3 Be4 30. Bg4 Rc3 31. Bh5 Rac8 32. Kf2 Rc1 33. Bf7 Rxf1+
34. Kxf1 Rc1+ 35. Ke2 Kc6 36. Be8+ Kb6 37. Kd2 Rc2+ 38. Ke1 Bxf5 39. Ba4 Rc4 40.
Bd1 Rxd4 0-1

[Event "AUTO-OPEN-471"]
[Site "http://www.queenalice.com/game.php?id=237136"]
[Date "2007.7.9"]
[Round "2"]
[White "Chamnix"]
[Black "Sean_Doherty"]
[Result "0-1"]
[WhiteElo "2046"]
[BlackElo "1933"]

1. e4 e6 2. d4 d5 3. Nc3 Nf6 4. Bg5 Be7 5. e5 Nfd7 6. Bxe7 Qxe7 7. f4 a6 8. Nf3
c5 9. Be2 Nc6 10. O-O cxd4 11. Nxd4 Qc5 0-1

[Event "AUTO-OPEN-471"]
[Site "http://www.queenalice.com/game.php?id=237137"]
[Date "2007.7.9"]
[Round "2"]
[White "Sean_Doherty"]
[Black "Chamnix"]
[Result "0-1"]
[WhiteElo "1936"]
[BlackElo "2067"]

1. e4 c5 2. Nf3 d6 3. Bb5+ Nc6 4. Bxc6+ bxc6 5. c4 g6 6. Nc3 Bg7 7. O-O Nf6 8.
Re1 O-O 9. b3 Qc7 10. Bb2 e5 11. d3 Be6 12. Ne2 a5 13. Nd2 d5 14. cxd5 cxd5 15.
exd5 Nxd5 16. Ng3 Rfd8 17. Nf3 f6 18. Qe2 Nf4 19. Qc2 Nxd3 20. Red1 Nxb2 21.
Rxd8+ Rxd8 22. Qxb2 f5 23. Qe2 Qd6 24. Re1 Bf6 25. Nf1 Qd3 26. Nxe5 Qxe2 27.
Rxe2 Bc8 28. Nc4 a4 29. Rd2 axb3 30. Rxd8+ Bxd8 31. axb3 Kg7 32. Nfd2 Kf6 33.
Kf1 Bc7 34. h4 Bb7 35. g3 f4 36. Ke2 fxg3 37. f3 g5 38. hxg5+ Kxg5 39. Ne4+ Kf4
40. Ncd2 h5 41. Kf1 Bb6 42. Kg2 h4 43. Nc3 Bxf3+ 44. Nxf3 h3+ 45. Kxh3 Kxf3 46.
Nd1 g2 47. Kh2 c4 0-1

[Event "AUTO-OPEN-471"]
[Site "http://www.queenalice.com/game.php?id=237144"]
[Date "2007.7.9"]
[Round "2"]
[White "marcelosi"]
[Black "Sean_Doherty"]
[Result "0-1"]
[WhiteElo "1560"]
[BlackElo "1948"]

1. e4 e6 2. Qh5 Nf6 3. Qf3 Nc6 4. c3 d5 5. d3 dxe4 6. dxe4 Ne5 7. Qg3 Ng6 8. Bg5
Be7 9. e5 Ne4 10. Bxe7 Qxe7 11. Qe3 Nc5 12. g3 Nd7 13. Na3 Ndxe5 14. Bd3 Nxd3+
15. Qxd3 O-O 16. Nf3 Rd8 17. Qe2 b6 18. O-O a5 19. Rad1 Ba6 20. Rxd8+ Qxd8 21.
c4 Qf6 22. Qe4 Rd8 23. b3 Qb2 24. h4 Qxa3 25. h5 Nf8 26. Ng5 Qe7 27. f4 h6 28.
Nh3 c5 29. g4 Bb7 30. Qb1 Rd2 31. Rf2 Rxf2 32. Nxf2 Qd6 33. f5 Qg3+ 34. Kf1 Qg2+
35. Ke2 Bf3+ 36. Ke3 Bxg4 37. fxe6 Qf3+ 38. Kd2 Qxf2+ 39. Kc3 Qf6+ 40. Kd2 Qxe6
41. a4 Qd6+ 42. Kc1 Qf4+ 43. Kb2 Bf5 44. Qd1 Qf2+ 45. Ka3 Qc2 46. Qxc2 Bxc2 47.
Kb2 Bd1 48. Kc3 Bxh5 49. Kd3 g5 50. Ke4 Bg6+ 51. Kd5 g4 0-1

[Event "AUTO-OPEN-471"]
[Site "http://www.queenalice.com/game.php?id=237145"]
[Date "2007.7.9"]
[Round "2"]
[White "Sean_Doherty"]
[Black "marcelosi"]
[Result "0-1"]
[WhiteElo "1965"]
[BlackElo "1514"]

1. e4 e5 2. Nf3 Nc6 3. Bb5 Nd4 4. Nxd4 exd4 5. d3 c6 6. Bc4 b5 7. Bb3 Bb4+ 8.
Bd2 Qg5 9. Bxb4 Qxg2 10. Rf1 a5 11. Bc5 a4 12. Bxf7+ Kxf7 13. Bxd4 d5 14. exd5
Bg4 15. f3 Re8+ 16. Be3 Rxe3+ 17. Qe2 Qxe2# 0-1

[Event "AUTO-OPEN-471"]
[Site "http://www.queenalice.com/game.php?id=237148"]
[Date "2007.7.9"]
[Round "2"]
[White "MarcosSP41"]
[Black "Sean_Doherty"]
[Result "0-1"]
[WhiteElo "1433"]
[BlackElo "1954"]

1. e4 e6 2. g4 d5 3. e5 c5 4. c3 Nc6 5. Qa4 Bd7 6. Nf3 Nxe5 7. Qf4 Nxf3+ 8. Qxf3
Be7 9. Bd3 Bc6 10. g5 Bxg5 11. h4 Bxh4 12. Rxh4 Qxh4 13. b3 d4 14. Qe2 Bg2 15.
Bb5+ Ke7 16. Ba3 Qh1+ 17. Qf1 Bxf1 18. Bxf1 Qe4+ 19. Be2 b6 20. b4 d3 21. f3
Qxe2# 0-1

[Event "AUTO-OPEN-471"]
[Site "http://www.queenalice.com/game.php?id=237149"]
[Date "2007.7.9"]
[Round "2"]
[White "Sean_Doherty"]
[Black "MarcosSP41"]
[Result "1-0"]
[WhiteElo "1963"]
[BlackElo "1431"]

1. e4 e5 2. Nf3 Qf6 3. b3 g5 4. Bb2 g4 5. Ng1 Bc5 6. d4 Bb6 7. c3 exd4 8. cxd4
Nc6 9. Ne2 h5 10. Na3 h4 11. Nc4 g3 12. f3 a5 13. Nxb6 cxb6 14. Qd2 Nb4 15. a3
Nc6 16. d5 Qd6 17. Bxh8 Ne5 18. Bxe5 Qxe5 19. Qd4 Qxd4 20. Nxd4 a4 21. b4 d6 22.
Nb5 Kd8 23. Nxd6 f5 24. Nxf5 Bd7 25. hxg3 Kc7 26. Rc1+ Kb8 27. Rxh4 Nf6 28. Rh8+
Ka7 29. Rxa8+ Kxa8 30. g4 Ka7 31. Rc7 Be8 32. Nd6 Bd7 33. Rxb7+ Ka8 34. g5 Nh5
35. Rxd7 Ng3 36. g6 1-0

[Event "Challenge"]
[Site "http://www.queenalice.com/game.php?id=245146"]
[Date "2007.7.25"]
[Round "-"]
[White "Sean_Doherty"]
[Black "SmartPatzer"]
[Result "1-0"]
[WhiteElo "1923"]
[BlackElo "1832"]

1. e4 e6 2. d4 d5 3. Bg5 Qxg5 4. exd5 Qxd5 5. Nf3 Nf6 6. Nc3 Qa5 7. Bd3 Bb4 8.
Qd2 Bxc3 9. bxc3 O-O 10. O-O Nc6 11. Rfe1 b6 12. Be4 Nxe4 13. Rxe4 Bb7 14. Rg4
Ne7 15. Ne5 Ng6 16. Nxg6 fxg6 17. Rg5 Rf5 18. Rxf5 gxf5 19. Qe3 Qd5 20. f3 Re8
21. a3 Qd6 22. c4 Bc6 23. Re1 Bd7 24. c5 bxc5 25. dxc5 1-0

[Event "Challenge"]
[Site "http://www.queenalice.com/game.php?id=245148"]
[Date "2007.7.25"]
[Round "-"]
[White "SmartPatzer"]
[Black "Sean_Doherty"]
[Result "0-1"]
[WhiteElo "1820"]
[BlackElo "1935"]

1. e4 e6 2. d3 d5 3. Nd2 Bb4 4. a3 Bxd2+ 5. Bxd2 Nf6 6. g3 dxe4 7. Bg5 exd3 8.
Bxd3 h6 9. Bd2 O-O 10. Qe2 Nc6 11. O-O-O b6 12. Bb4 Nd4 13. Qf1 c5 14. Be1 Bb7
15. f3 Qe7 16. Bc3 Rad8 17. h4 Nd5 18. Bd2 Qf6 19. f4 Nb4 20. Rh2 Nxd3+ 21. cxd3
Nb3+ 22. Kc2 Bd5 23. Nf3 Bxf3 24. Bc3 Nd4+ 25. Bxd4 Qxd4 26. Qxf3 Qa4+ 27. Kb1
Qb3 28. Rhd2 Rd7 29. Rc1 Rfd8 30. Rcd1 Rd4 31. Qe2 Ra4 0-1

[Event "Challenge"]
[Site "http://www.queenalice.com/game.php?id=247516"]
[Date "2007.7.28"]
[Round "-"]
[White "Stegyre"]
[Black "Sean_Doherty"]
[Result "1-0"]
[WhiteElo "1827"]
[BlackElo "1957"]

1. e4 e6 2. d4 d5 3. e5 c5 4. c3 Nc6 5. Nf3 Bd7 6. a3 cxd4 7. cxd4 Rc8 8. Bd2
Qb6 9. Bc3 Nh6 10. h3 Be7 11. Be2 Nf5 12. a4 Bb4 13. O-O Bxc3 14. bxc3 Qb2 15.
Ra3 Na5 16. Qd2 Qxd2 17. Nfxd2 Nc4 18. Nxc4 dxc4 19. Nd2 Bb5 20. axb5 a6 21.
bxa6 bxa6 22. Rxa6 O-O 23. Rc1 Rfd8 24. Bxc4 Ne7 25. Be2 g6 26. Ne4 Nf5 27. Nf6+
Kg7 28. Raa1 Rc7 29. Ba6 Ra8 30. d5 Rca7 31. d6 Rxa6 32. Rxa6 Rxa6 33. d7 Ra8
34. Rd1 Rd8 35. c4 Ne7 36. Ne4 Nc6 37. f4 Ra8 38. Nc5 Nd8 39. Ne4 Kf8 40. Nf6 h5
41. c5 Ke7 42. Rc1 Ra6 43. Kf2 Rc6 44. Ke3 Nb7 45. Kd4 Na5 46. Rb1 Ra6 47. Rb6
Ra7 48. c6 Rc7 49. Kc5 Kd8 50. Rb8+ Ke7 51. Ng8# 1-0

[Event "O Canada"]
[Site "http://www.queenalice.com/game.php?id=261847"]
[Date "2007.8.26"]
[Round "3"]
[White "jbudau"]
[Black "Sean_Doherty"]
[Result "0-1"]
[WhiteElo "1497"]
[BlackElo "1920"]

1. e4 e6 2. d4 d5 3. Nc3 Nf6 4. e5 Nfd7 5. f4 c5 6. Nf3 Nc6 7. Be3 Qb6 8. Na4
Qb4+ 9. c3 Qa5 10. Be2 cxd4 11. Nxd4 Nxd4 12. Bxd4 b5 13. b4 Qxa4 14. Qxa4 bxa4
15. a3 Be7 16. Kd2 O-O 17. h4 Nb6 18. g3 Bb7 19. Rhg1 Rac8 20. Rgd1 Nc4+ 21.
Bxc4 Rxc4 22. Bxa7 Ba6 23. Rac1 Rfc8 24. Bd4 Bb5 25. Rc2 Bd8 26. Rdc1 R8c6 27.
Ke3 Bb6 28. Bxb6 Rxb6 29. Kd2 Rbc6 30. Rb2 Re4 31. Rbc2 Re2+ 32. Kd1 Rxc2 33.
Rxc2 Bc4 34. Kd2 Kf8 35. Ke3 Ke7 36. g4 Kd7 37. g5 Bb3 38. Rc1 Rc4 39. Kf3 d4
0-1

[Event "The Rematch"]
[Site "http://www.queenalice.com/game.php?id=282143"]
[Date "2007.10.6"]
[Round "-"]
[White "Sean_Doherty"]
[Black "Stegyre"]
[Result "0-1"]
[WhiteElo "1922"]
[BlackElo "1873"]

1. e4 c5 2. Nf3 d6 3. Bb5+ Nc6 4. O-O a6 5. Bxc6+ bxc6 6. b3 d5 7. Nc3 e6 8. Bb2
d4 9. Ne2 Bb7 10. c4 g6 11. d3 Bg7 12. Bc1 Nh6 13. h3 O-O 14. Bg5 f6 15. Ne5
fxg5 16. Ng4 Nxg4 17. hxg4 h5 18. Ng3 h4 19. Nh1 Qd6 20. Qe1 Qf4 21. f3 Be5 22.
Kf2 h3 23. Rg1 hxg2 24. Rxg2 Qxf3+ 25. Kg1 Qxd3 26. Rd1 Qe3+ 27. Qxe3 dxe3 28.
Re2 Bd4 29. Rf1 Rf4 30. Rg2 e2+ 0-1